Movies Quiz

Random Movies or Actor Quiz

AFI's 100 years 100 passions Quiz Stats

 Plays Quiz not verified by Sporcle

Also try: Movies by Plot II
Challenge
Share
Tweet
Embed
Score 0/100 Timer 14:00
0 Plays Today
actor movie title % Correct
Humphrey BogartCasablanca
97.4%
Clark GableGone With The Wind
93.4%
Leonardo DiCaprioTitanic
91.1%
Woody AllenAnnie Hall
80.1%
Gene KellySinging in the Rain
79.1%
Patrick SwayzeDirty Dancing
74.5%
Patrick SwayzeGhost
73.5%
Billy CrystalWhen Harry Met Sally
73.2%
CherMoonstruck
71.5%
Audrey HepburnBreakfast at Tiffany's
71.5%
Natalie WoodWest Side Story
71.2%
Richard GerePretty Woman
68.5%
Tom HanksSleepless in Seattle
68.2%
Ryan O'nealLove Story
66.9%
Julie AndrewsThe Sound of Music
66.2%
Audrey HepburnMy Fair Lady
64.6%
James StewartIt's a Wonderful Life
63.2%
Marlon BrandoA Streetcar Named Desire
62.6%
Gregory PeclRoman Holiday
61.3%
Ralph FiennesThe English Patient
58.9%
Dustin HoffmanThe Graduate
56.3%
Clark GableIt Happened One Night
55.3%
Omar ShariffDoctor Zhivago
55%
Joseph FiennesShakespeare in Love
55%
Charlie ChaplinCity Lights
54.3%
Fay WrayKing Kong
54.3%
Barbara StreisandFunny Girl
54.3%
John TravoltaGrease
53.6%
Cary ElwesThe Princess Bride
52.6%
Humphrey BogartThe African Queen
51%
Robert RedfordThe Way We Were
50.3%
James StewartThe Philadelphia Story
50.3%
Warren BeattyBonnie and Clyde
49.7%
Emma ThompsonSense and Sensibility
49.3%
actor movie title % Correct
Tom CruiseJerry Maguire
48.3%
Henry FondaOn Golden Pond
47.7%
James StewartVertigo
47%
Burt LancasterFrom Here to Eternity
45.7%
William HoldenSabrina
45.7%
Steve MartinRoxanne
44%
Spencer TracyGuess Who's Coming to Dinner
43.7%
Jack LemmonThe Apartment
43.7%
Cary GrantAn Affair to Remember
43.4%
Ruth GordonHarold and Maude
42.4%
Warren BeattyReds
41.7%
Leslie CaronGigi
41.4%
Woody AllenManhattan
40.4%
Judy GarlandA Star is Born
40.1%
Robert RedordOut of Africa
39.7%
Melanie GriffithWorking Girl
39.7%
Clint EastwoodThe Bridges of Madison County
39.4%
Gene KellyAn American in Paris
38.1%
Richard GereAn Officer and a Gentleman
37.7%
Richard DreyfussThe Goodbye Girl
37.4%
Ernest BorgnineMarty
34.8%
Marlon BrandoLast Tango in Paris
33.8%
Cary GrantBringing up Baby
33.8%
Deborah KerrThe King and I
33.1%
Fred MacMurrayDouble Indemnity
33.1%
Laurence OlivierWuthering Heights
32.8%
Robby BensonBeauty and Beast
32.8%
Jon VoightComing Home
32.1%
Doris DayPillow Talk
31.8%
Harrison FordWitness
31.1%
Bette DavisJezebel
29.1%
Greta GarboNinotchka
28.8%
Elizabeth TaylorWho's Afraid of Virginia Woolf
28.5%
Humphrey BogartTo Have and Have Not
24.8%
actor movie title % Correct
Bette DavisNow, Voyager
24.5%
Warren BeattySplendor in the Grass
24.5%
Montgomery CliftA Place in the Sun
23.8%
Fred AstaireSwing Time
23.5%
John WayneThe Quiet Man
22.8%
Rudolph ValentinoThe Sheik
22.8%
Cary GrantTo Catch a Thief
21.9%
Lana TurnerThe Postman Always Rings Twice
21.5%
Ryan O'NealWhat's Up Doc?
20.9%
Robert RedfordBarefoot in the Park
20.5%
Cary GrantNotorious
19.5%
Greta GarboCamille
19.2%
Michael DouglasThe American President
18.9%
William HurtBody Heat
18.9%
Peggy LeeLady and the Tramp
17.9%
Spencer TracyWoman of the Year
17.5%
Henry FondaThe Lady Eve
16.9%
James StewartThe Shop Around the Corner
16.2%
Bette DavisDark Victory
16.2%
Charles LaughtonThe Hunchback of Notre Dame
15.2%
Rex HarrisonThe Ghost and Mrs. Muir
14.6%
William HoldenLove is a Many Splendored Thing
14.6%
Audrey HepburnTwo for the Road
14.2%
Janet GaynorSunrise
14.2%
Daniel Day-LewisThe Unbearable Lightness of Being
13.6%
Ronald ColmanRandom Harvest
12.9%
Cary GrantThe Awful Truth
12.9%
William HoldenPicnic
10.9%
Lillian GishWay Down East
10.3%
Sidney PoitierPorgy and Bess
10.3%
Gary CooperMorocco
9.6%
Greta GarboAnna Karenia
9.3%

You're not logged in!

Compare scores with friends on all Sporcle quizzes.
Join for Free
OR
Log In

You Might Also Like...

Show Comments

Extras

Top Quizzes Today


Score Distribution

Your Account Isn't Verified!

In order to create a playlist on Sporcle, you need to verify the email address you used during registration. Go to your Sporcle Settings to finish the process.

Report this User

Report this user for behavior that violates our Community Guidelines.

Details: